书目信息 |
| 题名: |
国际物流与货运代理
|
|
| 作者: | 田振中 , 王红梅 主编 | |
| 分册: | ||
| 出版信息: | 北京 清华大学出版社 2019 |
|
| 页数: | 12,332页 | |
| 开本: | 23cm | |
| 丛书名: | ||
| 单 册: | ||
| 中图分类: | F252-43 , F511.41-43 | |
| 科图分类: | ||
| 主题词: | 国际贸易--guo ji mao yi--物流--高等学校--教材 , 国际货运--guo ji huo yun--货运代理--高等学校--教材 | |
| 电子资源: | ||
| ISBN: | 978-7-302-52166-2 | |
| 000 | 01106nam0 2200289 450 | |
| 001 | 2159498003 | |
| 005 | 20211012170728.97 | |
| 010 | @a978-7-302-52166-2@dCNY58.00 | |
| 100 | @a20190921d2019 em y0chiy50 ea | |
| 101 | 0 | @achi |
| 102 | @aCN@b110000 | |
| 105 | @ay z 000yy | |
| 106 | @ar | |
| 200 | 1 | @a国际物流与货运代理@Aguo ji wu liu yu huo yun dai li@f田振中, 王红梅主编 |
| 205 | @a2版 | |
| 210 | @a北京@c清华大学出版社@d2019 | |
| 215 | @a12,332页@d23cm | |
| 300 | @a高等院校物流管理专业系列教材·物流企业岗位培训系列教材 | |
| 330 | @a本书介绍国际物流业务与国际贸易、国际海上货运代理、国际陆空货运代理、国际多式联运、国际物流报关报检、国际物流保险、国际物流租船等国际物流与货运代理的基础理论知识,并通过实证案例分析讲解,以提高读者的应用能力。 | |
| 606 | 0 | @a国际贸易@Aguo ji mao yi@x物流@x高等学校@j教材 |
| 606 | 0 | @a国际货运@Aguo ji huo yun@x货运代理@x高等学校@j教材 |
| 690 | @aF252-43@v5 | |
| 690 | @aF511.41-43@v5 | |
| 701 | 0 | @a田振中@Atian zhen zhong@4主编 |
| 701 | 0 | @a王红梅@Awang hong mei@4主编 |
| 801 | 0 | @aCN@b百万庄@c20211007 |
| 905 | @b1307525-28@dF252-43@e335=2@f4 | |
| 国际物流与货运代理/田振中, 王红梅主编.-2版.-北京:清华大学出版社,2019 |
| 12,332页;23cm |
| 高等院校物流管理专业系列教材·物流企业岗位培训系列教材 |
| ISBN 978-7-302-52166-2:CNY58.00 |
| 本书介绍国际物流业务与国际贸易、国际海上货运代理、国际陆空货运代理、国际多式联运、国际物流报关报检、国际物流保险、国际物流租船等国际物流与货运代理的基础理论知识,并通过实证案例分析讲解,以提高读者的应用能力。 |
| ● |
| 相关链接 |
|
|
|
|
正题名:国际物流与货运代理
索取号:F252-43/335=2
 
预约/预借
| 序号 | 登录号 | 条形码 | 馆藏地/架位号 | 状态 | 备注 |
| 1 | 1307525 | 213075250 | 第一样本阅览室/ [索取号:F252-43/335=2] | 在馆 | |
| 2 | 1307526 | 213075269 | 第一借阅区/ [索取号:F252-43/335=2] | 在馆 | |
| 3 | 1307527 | 213075278 | 第一借阅区/ [索取号:F252-43/335=2] | 在馆 | |
| 4 | 1307528 | 213075287 | 第一借阅区/ [索取号:F252-43/335=2] | 在馆 |